History Quiz

Random History Quiz

Ships involved in the Battle of Calabria (1940) Quiz Stats

 Plays Quiz not verified by Sporcle

Score 0/82 Timer 11:00
0 Plays Today
Hint Answer % Correct
Regia MarinaConte di Cavour
83.3%
Regia MarinaTrento
75%
Regia MarinaZara
75%
Royal NavyEagle
58.3%
Regia MarinaEmanuele Filiberto Duca d'Aosta
58.3%
Royal NavyWarspite
50%
Regia MarinaPola
50%
Regia MarinaFreccia
50%
Regia MarinaLuigi Cadorna
50%
Regia MarinaFolgore
50%
Royal NavyMalaya
41.7%
Royal NavyRoyal Sovereign
41.7%
Regia MarinaFiume
41.7%
Regia MarinaMaestrale
41.7%
Regia MarinaDuca degli Abruzzi
33.3%
Royal NavyNeptune
25%
Regia MarinaGiulio Cesare
25%
Regia MarinaBolzano
25%
Royal NavyLiverpool
16.7%
Royal NavyJuno
16.7%
Royal NavyHMAS Vampire
16.7%
Regia MarinaGorizia
16.7%
Royal NavyOrion
8.3%
Royal NavyHMAS Sydney
8.3%
Royal NavyGloucester
8.3%
Royal NavyEscort
8.3%
Royal NavyNubian
8.3%
Royal NavyMohawk
8.3%
Hint Answer % Correct
Royal NavyHero
8.3%
Royal NavyHereward
8.3%
Royal NavyDecoy
8.3%
Royal NavyHMAS Stuart
8.3%
Royal NavyHyperion
8.3%
Royal NavyHostile
8.3%
Royal NavyHasty
8.3%
Royal NavyIlex
8.3%
Royal NavyDainty
8.3%
Royal NavyDefender
8.3%
Royal NavyJanus
8.3%
Royal NavyHMAS Voyager
8.3%
Regia MarinaEugenio di Savoia
8.3%
Regia MarinaMuzio Attendolo
8.3%
Regia MarinaRaimondo Montecuccoli
8.3%
Regia MarinaGiuseppe Garibaldi
8.3%
Regia MarinaVittorio Alfieri
8.3%
Regia MarinaArtigliere
8.3%
Regia MarinaLanciere
8.3%
Regia MarinaDardo
8.3%
Regia MarinaSaetta
8.3%
Regia MarinaStrale
8.3%
Regia MarinaLibeccio
8.3%
Regia MarinaGrecale
8.3%
Regia MarinaSciroco
8.3%
Regia MarinaUgolino Vivaldi
8.3%
Regia MarinaAntonio da Noli
8.3%
Regia MarinaBartolomeo Colleoni
8.3%
Hint Answer % Correct
Regia MarinaGiovanni dalle Bande Nere
8.3%
Regia MarinaLeone Pancaldo
8.3%
Regia MarinaPilo
8.3%
Regia MarinaMissoni
8.3%
Regia MarinaAlberico da Barbiano
8.3%
Regia MarinaAlberto da Giussano
8.3%
Regia MarinaArmando Diaz
8.3%
Regia MarinaFulmine
8.3%
Regia MarinaBaleno
8.3%
Regia MarinaLampo
8.3%
Regia MarinaAntonio Pigafetta
8.3%
Regia MarinaNicolò Zeno
8.3%
Regia MarinaAlvise da Mosto
8.3%
Regia MarinaGiovanni da Verrazzano
8.3%
Regia MarinaLanzerotto Malocello
8.3%
Regia MarinaNicoloso da Recco
8.3%
Regia MarinaAntoniotto Usodimare
8.3%
Regia MarinaLuca Tarigo
8.3%
Regia MarinaEmanuele Pessagno
8.3%
Regia MarinaCamicia Nera
8.3%
Regia MarinaAviere
8.3%
Regia MarinaCarabiniere
8.3%
Regia MarinaCorazziere
8.3%
Regia MarinaAscari
8.3%
Regia MarinaGeniere
8.3%
Royal NavyImperial
8.3%

You're not logged in!

Compare scores with friends on all Sporcle quizzes.
OR
Log In

Sporcle TV

Today on Sporcle TV


Watch our educational content, quiz creation guides, and fun videos on Sporcle TV.

Show Comments

Extras

Created Jan 12, 2015ReportNominate
Tags:1940, battle, involved, ship

Top Quizzes Today


Score Distribution

Your Account Isn't Verified!

In order to create a playlist on Sporcle, you need to verify the email address you used during registration. Go to your Sporcle Settings to finish the process.

Report this User

Report this user for behavior that violates our Community Guidelines.

Details: